|
|
|
|
| LEADER |
00000naa2a2200000 4500 |
| 001 |
129325 |
| 005 |
20240130105312.0 |
| 035 |
|
|
|a (RuTPU)RU\TPU\book\139972
|
| 090 |
|
|
|a 129325
|
| 100 |
|
|
|a 20080123d2005 k y0rusy50 ca
|
| 101 |
0 |
|
|a rus
|
| 102 |
|
|
|a RU
|
| 200 |
1 |
|
|a Ионно-плазменное напыление биоактивных покрытий на материалы медицинских имплантантов
|f В. А. Михайдаров, Р. А. Сурменев
|g науч. рук. А. А. Булычева
|
| 320 |
|
|
|a Библиогр.: 3 назв.
|
| 463 |
|
1 |
|0 (RuTPU)RU\TPU\book\118365
|t Электротехника, электромеханика и электротехнологии
|o труды пятой региональной научно-практической студенческой конференции, Томск, 7-10 июня 2005 г.
|f Томский политехнический университет; Электротехнический институт
|v С. 252-255
|d 2005
|p 296 с.
|
| 610 |
1 |
|
|a биоактивные покрытия
|
| 610 |
1 |
|
|a ионно-плазменное напыление
|
| 610 |
1 |
|
|a имплантанты
|
| 610 |
1 |
|
|a медицинские имплантанты
|
| 610 |
1 |
|
|a биоматериалы
|
| 610 |
1 |
|
|a труды учёных ТПУ
|
| 700 |
|
1 |
|a Михайдаров
|b В. А.
|
| 701 |
|
1 |
|a Сурменев
|b Р. А.
|c физик
|c старший научный сотрудник Томского политехнического университета, доцент, кандидат физико-математических наук
|f 1982-
|g Роман Анатольевич
|3 (RuTPU)RU\TPU\pers\25831
|9 11704
|
| 702 |
|
1 |
|a Булычева
|b А. А.
|4 727
|
| 801 |
|
1 |
|a RU
|b 63413507
|c 20080123
|g PSBO
|
| 801 |
|
2 |
|a RU
|b 63413507
|c 20160216
|g RCR
|
| 942 |
|
|
|c BK
|